Éródianu Istorión Biblia 8. Herodiani Historiarum Libri VIII. : Accessit Index Graecus locupletißimus, qui simul et Lexici Graeco-Latini, et Latino-Graeci, et Phraseologias, et paßim commentaris loco esse poterit /

Hlavní autor: Héródianos, asi 180-asi 260
Další autoři: Boeckler, Johann Heinrich, 1611-1672, Scheid, Balthasar, 1614-1670
Jazyk: Řečtina, starověká (do 1453)
Latina
Vydáno: Argentorati : Impensis & typis Josiae Staedelii, 1694
Vydání: Tertia Editio
Témata:
Fyzický popis: [30], 468 [spr. 466], [44] s., [1] příl. ; 8°
Language note: Řecký a latinský souběžný text
Knihy
Uloženo v:
LEADER 02635nam a2200445 a 4500
001 mzk03001060298
003 CZ BrMZK
005 20121004095620.0
007 ta
008 080218s1694 fr f fr|||||00| ||latod
040 |a BOA001  |b cze 
041 0 |a lat  |a grc 
072 7 |a 094  |x Staré tisky  |2 Konspekt  |9 12 
080 |a (0.068)094  |2 MRF 
100 0 |a Héródianos,  |d asi 180-asi 260  |7 jn19990003492  |4 aut 
245 1 0 |a Éródianu Istorión Biblia 8. Herodiani Historiarum Libri VIII. :  |b Accessit Index Graecus locupletißimus, qui simul et Lexici Graeco-Latini, et Latino-Graeci, et Phraseologias, et paßim commentaris loco esse poterit /  |c cum Notis & animadversionibus Jo. Henrici Boecleri ; Autore Baltasare Scheidio, Th. D. L. L. Hebraeae Graecaeque in Academia Argentoratensi Professore Publico 
250 |a Tertia Editio 
260 |a Argentorati :  |b Impensis & typis Josiae Staedelii,  |c 1694 
300 |a [30], 468 [spr. 466], [44] s., [1] příl. ;  |c 8° 
500 |a Výzdoba: Mědirytinový alegorický předtitul, titulní strana tištěna červeně a černě, iniciály, ozdobné linky, vlysy, vnitřní titulní strana, závěrečný signet "In Spe In Silentio" 
505 0 |a Promptuarium Herodiani seu Index Herodiani Absolutissimus, à quo Lector Studiosus, ad suum usum depromere poterit ... / Baltasare Scheidio ... -- [16], 524 [spr. 552], [82] s. 
510 3 |a DNB 
546 |a Řecký a latinský souběžný text 
561 |a Provenience: Pöllner 
561 |a Provenience: [razítko] Sigill: Gymnasii C. R. Micro Pragensis 
500 |a Chyby v paginaci, za stranou 328 (hlavního díla) pokračují další od čísla 330, za stranou 385 pak od čísla 387, vždy bez ztráty textu, který logicky navazuje, za stranou 264 (u přítisku) pokračují další pod čísly 256, 266, 235, 268, 269, 270, 271, 272, 263, 274, 265 a dále, bez duplicity textu, poslední číslovaný list je označen mylně 541/524 
563 |a Původní pergamenová vazba 
655 7 |a staré tisky  |7 fd422076  |2 czenas 
700 1 |a Boeckler, Johann Heinrich,  |d 1611-1672  |7 ola2009507588  |4 cwt 
700 1 |a Scheid, Balthasar,  |d 1614-1670  |7 mzk2009511180  |4 com 
740 0 2 |a Promptuarium Herodiani seu Index Herodiani Absolutissimus, à quo Lector Studiosus, ad suum usum depromere poterit 
903 |a RP 
910 |a BOA001  |b ST1-0054.686 
978 |b Städel, Josias  |a Strasbourg  |c 1694 
984 |a Štrasburk  |b Francie 
985 |a 1651-1700 
990 |a BK 
993 |a Y 
991 |k mzk 
996 6 |b 2619276462  |c ST1-0054.686  |l stud. ST  |r Sklad / do násl. otevíracího dne  |n 0  |w 001060815  |u 000010  |a 1  |e BOA001  |s P